Tilastot visalle Sanat: Pimeä tie, mukavaa matkaa

Klikkaa tästä pelataksesi tätä visaa!

Yleistilastot

  • Tätä visaa on pelattu 31 kertaa
  • Keskiarvotulos 127 / 163

Vastaustilastot

Sanat% Oikein
kun
100%
ei
93%
kuin
93%
me
93%
minimimäärää
93%
saa
93%
säästämään
93%
sitä
93%
sittenkään
93%
asuntolainaa
86%
pidä
86%
emme
86%
hupeni
86%
itsestään
86%
jää
86%
kaasu
86%
kiinni
86%
lähdetään
86%
lapset
86%
maksaneet
86%
nukkuu
86%
onnistuttu
86%
pidä
86%
pohjassa
86%
saat
86%
tähdetkään
86%
tai
86%
takapenkillä
86%
tarpeeksi
86%
tietämme
86%
valaise
86%
viimeiseen
86%
Jäädä
79%
jäädä
79%
jaksaneet
79%
jos
79%
julma
79%
maa
79%
meidät
79%
mutkaan
79%
pimeää
79%
saatu
79%
taivaalla
79%
unohtaa
79%
vain
79%
vien
79%
enää
71%
nyt
71%
oikeaa
71%
silmät
71%
Ehkä
64%
ehkä
64%
hengitysilmasta
64%
joku
64%
maksamaan
64%
ollutkaan
64%
osa
64%
väärin
64%
eikö
57%
jopa
57%
kaiken
57%
olevan
57%
riitä
57%
sen
57%
teimme
57%
vähempi
57%
asuntosäästöistä
50%
elämää
50%
luulee
50%
tosissaan
50%
elämässä
43%
häviää
43%
meitä
43%
tunne
43%
tyhjä
43%
vaaditaan
43%
jokin
36%
kaatumaan
36%
pian
36%
sai
36%
seinät
36%

Tulosjakauma

Persentiili vastausten määrän mukaan

Jokaisen tuloksen saaneiden osuus

Tuloshistoriasi

Et ole pelannut tätä visaa